000 006160000a22002170004500
003 LK-CoMWRAF
005 20230907214400.0
008 230817t2002 ||||| |||| 00| 0 eng d
020 _a9559261207
040 _aLK-CoMWRAF
_dLK-CoMWRAF
_eLK-CoMWRAF
041 _aeng
082 _a820
_bDEM
245 _aWriting an inheritance :
_bWomen's writing in Sri Lanka 1860 - 1948
260 _aColombo :
_bWomen's Education & Research Centre,
_c2002
300 _a376p
490 _aVol.no 1
650 _aWomen writing-Sri Lanka
700 _aDe Mel, Neloufer
_eed.
700 _aSamarakkody, Minoli
_eed.
942 _cBK
999 _c462
_d462